| 000 | 00525nam a2200181Ia 4500 | ||
|---|---|---|---|
| 008 | 131103s9999 xx 000 0 und d | ||
| 040 | _aLoreto College | ||
| 041 | _aEnglish | ||
| 082 |
_a891.443/BAN _bLCLIB/21535 |
||
| 100 | _aMitra, Sarojmohon | ||
| 245 |
_aManik Bandopadhayer jeevan o sahitya _cSarojmohon Mitra |
||
| 260 |
_aCalcutta _bGranthalay Pvt Ltd _c1970 |
||
| 300 |
_a364p _c 22cm |
||
| 630 | _aBiography | ||
| 650 | _aBanerjee, Manik | ||
| 651 | _aBengali Literature - History and Criticism | ||
| 942 | _cBK | ||
| 999 |
_c19901 _d70380 |
||